| 000 | 00415nam a2200145Ia 4500 | ||
|---|---|---|---|
| 008 | 180921t1983 xxu||||| |||| 00| 0 eng d | ||
| 041 | _aeng | ||
| 080 |
_a65 _bSRI |
||
| 245 | _aReport on the first joint meeting of the Sri lanka -Korea & Korea- Sri lanka economic co-operation committees | ||
| 260 |
_b _c1983 |
||
| 300 | _a53p., 24 cm | ||
| 942 | _cBK | ||
| 999 |
_c19000 _d19000 |
||
| 003 | LK-CoDNM | ||
| 040 |
_aLK-CoDNM _dLK-CoDNM _eLK-CoDNM |
||